Science Quiz

Random Science or Clickable Quiz

Numbers That Equal 13 Quiz Stats

 Plays Quiz Updated Mar 17, 2020

     
Support Sporcle.
Go Orange.
Score 0/26 Timer 01:00
0 Plays Today
% Correct
???
74.4%
???
74.3%
???
73.8%
???
73.8%
???
73.5%
???
73.4%
???
72.8%
???
72.4%
???
72.4%
???
71.5%
???
71.5%
???
71.2%
???
69.9%
% Correct
???
69.3%
???
68.4%
???
68.4%
???
67.3%
???
66.1%
???
65.4%
???
62.6%
???
61.7%
???
59.5%
???
57.1%
???
56.1%
???
55.8%
???
52.3%

From the Vault

WWE Big 4 PPV Opponents of The Undertaker

by cp420music

Sports 10m
Who would want to take on a guy called 'The Undertaker'?
Remove Ads.
Support Sporcle.
Get the best of Sporcle when you Go Orange. This ad-free experience offers more features, more stats, and more fun while also helping to support Sporcle. Thank you for becoming a member.

Show Comments

Extras

Top Quizzes Today


Score Distribution

Your Account Isn't Verified!

In order to create a playlist on Sporcle, you need to verify the email address you used during registration. Go to your Sporcle Settings to finish the process.

Report this User

Report this user for behavior that violates our Community Guidelines.

Details: